000 00557nam a2200205Ia 4500
005 20250923145158.0
008 008 250917s9999 xx 000 0 eng d
037 _aTextual
040 _aDSWL
_beng
_cDSWL
041 _aeng
_2eng
084 _aYoaX8(I)678, N69
_qDSWL
245 0 _aMankind 2000
_cEd.by R. Jungk
260 _bUniversitets Forlaget
_c1969
300 _ax,358p.
365 _aINR
_b120
700 _aJ. Galtung
_9832564
925 _g120
942 _cTEXL
_hYoaX8(I)678, N69
999 _c1448124
_d1448124